000 00329nam a22001217a 4500
082 _a621.38152 DIO'S
100 _aSEMTECH
_975813
245 _aDIODE SEMICONDUCTOR D. A. T. A. BOOK ELECTRONIC INFORMATION SERIES JAN 1981 THROUGH JUNE 1981
250 _a47TH
260 _aUK
_bD. A. T. A.
_c1980
300 _a637P
942 _cBK
999 _c581223
_d581223